| 000 | 00672nam a22002297a 4500 | ||
|---|---|---|---|
| 003 | OSt | ||
| 005 | 20140310182449.0 | ||
| 008 | 130130t xxu||||| |||| 00| 0 eng d | ||
| 020 | _a9715843743 | ||
| 020 | _a9789715847193 | ||
| 050 |
_aPL 6054 _b.M277 2005,2008 |
||
| 082 |
_aFIL 808.0427 _b.M31 2005 |
||
| 245 |
_aKomunikasyon sa akademikong Filipino : _bbatayang aklat sa Filipino 1 / _cMangahis,Josefina C.; Nuncio, Rhoderick V.;Javillo, Corazon M. |
||
| 260 |
_aManila : _bC & E Publishing, _cc2005, c2008 |
||
| 300 |
_a277 p. _c23 cm. |
||
| 521 | _a | ||
| 526 | _c | ||
| 541 | _j1 | ||
| 541 | _j1 | ||
| 562 | _e1 | ||
| 942 |
_2lcc _cBK-FIL _kFIL |
||
| 999 |
_c13647 _d13647 |
||